000 00311nam a2200121Ia 4500
008 220204s9999 xx 000 0 und d
082 _a077.02
_bGOR
100 _aGorokhovski, Yu N
245 0 _aSpectal studies of the photographic process
260 _aLondon
_bFocal
_c1960
505 _aSet price
942 _cBK
999 _c35995
_d35995